Projekty spoločného významu

Nová koncepcia rozvoja energetickej infraštruktúry EÚ je založená na 4 pilieroch- regionálna spolupráca, efektívnejšie povoľovacie konanie a zapojenie verejnosti, motivujúci regulačný a finančný rámec.

Guardado en:
Detalles Bibliográficos
Autor principal: Badida, Jozef
Formato: Capítulo de libro
Lenguaje:eslovaco
Materias:
Etiquetas: Agregar Etiqueta
Sin Etiquetas, Sea el primero en etiquetar este registro!

MARC

LEADER 00000naa a2200000 4500
001 0146434
005 20120116134029.4
041 0 |a slo 
044 |a CZ 
245 1 0 |a Projekty spoločného významu  |c Jozef Badida 
520 |a Nová koncepcia rozvoja energetickej infraštruktúry EÚ je založená na 4 pilieroch- regionálna spolupráca, efektívnejšie povoľovacie konanie a zapojenie verejnosti, motivujúci regulačný a finančný rámec. 
610 2 0 |a plyn zemný 
610 2 0 |a infraštruktúra 
610 2 0 |a politika energetická 
610 2 0 |a Európska únia 
100 1 |a Badida, Jozef